000 00882nam a22001937a 4500
999 _c63364
_d63364
003 Ge_BSU
005 20250925152758.0
008 250925s1977 ge ||||| |||| 00| 0 geo d
041 _ageo
080 _a331.101.386 : 658.562 გ-46
100 _aგვიშიანი, ნ.
_924963
245 _aსოციალისტური შეჯიბრება და პროდუქციის ხარისხი :
_cნ. გვიშიანი; რედ. გ. გიგაური.
264 _aთბ. :
_bსაბჭ. საქართველო,
_c1977.
300 _a51გვ. ;
_b 20სმ.
653 _aსოციალისტური შეჯიბრება.
653 _aპროდუქციის ხარისხი.
700 _aგიგაური, გ.
_eრედაქტორი
_925879
942 _2udc
_cᲬᲘᲒᲜᲘ